Datum a čas kvízu
15.5
Celkem bodů
Celkový počet nahraných bodů na tomto kvízu bez doplňovacích otázek.
14.
Pořadí na kvízu
Konečné umístění týmu na tomto kvízu.
Zaznamenané odpovědi
| # | Otázka | Odpověď | Body | Výsledky |
|---|---|---|---|---|
| 1. | Ve čtvrtek 15. února byla vyjá... | zlatou (žlutou) | 0 | |
| 2. | Pokutami v celkové výši přes 3... | Donald Trump | 1 | |
| 3. | Minulý týden zemřel kreslíř Pa... | Respekt | 0 | |
| 4. | Tradiční český výrobce klavírů... | Petrof | 1 | |
| 5. | Který norský sportovec získal... | Johannes Bö | 1 | |
| 6. | Obec s nejdelším názvem v Česk... | A | 1 | |
| 7. | Česká republika hraničí se čty... | 1B 2A 3C 4D | 1 | |
| 8. | Nejníže položené sídlo v České... | Hřensko | 0 | |
| 9. | V této otázce bude potřeba k z... | 1C 2B 3A 4D | 0 | |
| 10. | V České republice jsou čtyři ú... | NP Šumava | 0 |